| 000 | 01308cam a2200349Mi 4500 | ||
|---|---|---|---|
| 001 | 41484 | ||
| 005 | 20230410115415.0 | ||
| 008 | 030127s2002 sp 000 0 spa d | ||
| 035 | _a(OCoLC)ocm51559852 | ||
| 040 |
_aPL# _bspa _cPL# |
||
| 020 | _a8495776421 | ||
| 020 | _a9788495776426 | ||
| 029 | 0 |
_aPL# _b8495776421 |
|
| 035 | _a(OCoLC)51559852 | ||
| 050 | 1 | 4 |
_aHD 4854 _bR451m 2002 |
| 100 | 1 | _aRevelli, Marco. | |
| 245 | 1 | 0 |
_aMás allá del siglo XX : _bla política, las ideologías y la asechanzas del trabajo / _cMarco Revelli ; traducción de María del Mar Portillo y Marco Barberi. |
| 260 |
_aMataró, Barcelona : _bEdiciones de Intervención Cultural/ El Viejo Topo, _c2002. |
||
| 300 |
_a323 p. ; _c22 cm. |
||
| 500 | _aTítulo original: Oltre il Novecento.-- Traducido del italiano. | ||
| 650 | 0 |
_aWorking class _xHistory _y20th century. |
|
| 650 | 0 |
_aWorld politics _y20th century. |
|
| 650 | 0 |
_aPolitics and culture _xHistory _y20th century. |
|
| 653 |
_aTrabajadores _aHistoria _aSiglo XX. |
||
| 653 |
_aPolítica internacional _aSiglo XX. |
||
| 653 |
_aPolítica y cultura _aHistoria _aSiglo XX. |
||
| 700 | 1 |
_aPortillo, María del Mar, _etrad. |
|
| 700 | 1 |
_aBarberi, Marco, _etrad. |
|
| 938 |
_aPuvill Libros _bPUVL _n8495776421 _c$22.66 |
||
| 942 |
_2lcc _cbk |
||
| 994 |
_aC0 _bDRFGD |
||
| 999 |
_c40543 _d40543 |
||